00791nam a2200265 a 4500001001300000003000900013005001700022008004100039020002300080082001700103100001700120245006100137260004200198300000900240500003500249505001000284650001800294650001600312650003200328700001700360902000800377942000700385952011800392999001500510nice12345678IN_TiNIC20260116012307.0050524s1990 dela grp 000 0 eng  a8121019 c25000a954.025bNAT aNath, Renuka aNotable Mughal and Hindu Women in the 16th Centuries A.D aDelhibInter-India Publicationsc1990 a264p aincludes index and biblioraphy2 aIndex aIndia-History aWomen-India aIndia-History Muslim Period1 aNath, Renuka bSRS cBK 001040708StackRoom-aHMIbHMId2007-04-04g250.00l0o954.025 NATp014289r2007-04-04v250.00w2005-05-24yBK c6429d6429